| 000 | 00984nam a22003137a 4500 | ||
|---|---|---|---|
| 003 | CHAP | ||
| 005 | 20220329143717.0 | ||
| 008 | 110324s1980 mx r 00010 spa d | ||
| 010 | _a100732 | ||
| 011 | _a101704 | ||
| 020 | _a8431102543 | ||
| 035 | _a112392 | ||
| 040 | _cCHAP | ||
| 082 | 0 | 4 | _a540 G31 |
| 100 | 1 |
_aGermain, R. _947750 |
|
| 245 | 1 | 0 |
_aManual de química general : _bcurso con 500 ejercicios y 120 problemas _c/por G. Germain, R. Mari y D. Burnel |
| 260 |
_aBarcelona : _bMasson, _c1980 |
||
| 300 |
_a275 p. : _bilus. |
||
| 590 |
_aBATCH-UPD _b10 _c20130110 _lUCH01 _h1600 |
||
| 590 |
_aBATCH-UPD _b10 _c20130410 _lUCH01 _h0957 |
||
| 590 |
_aBATCH-UPD _b10 _c20130914 _lUCH01 _h0757 |
||
| 590 |
_aCONVERSION _b10 _c20130109 _lUCH01 _h1356 |
||
| 650 | 1 | 4 |
_aQuímica _xEstudio y enseñanza. _993559 |
| 700 | 1 |
_aBurnel, D. _916228 |
|
| 700 | 1 |
_aMari, R. _971355 |
|
| 901 | _aBK | ||
| 942 | _cLIBRO | ||
| 949 |
_a540 G31 _bBC _cLIBRO _d33724002237248 _eLIBRO _h114468 _i112392 _si |
||
| 999 |
_c100732 _d100732 |
||